000 00861nam a22002537a 4500
003 CHAP
005 20220329140544.0
008 971013s r 00010 d
010 _a53859
011 _a54831
035 _a58983
040 _cCHAP
090 _aR-451
100 0 0 _aWiddowson, J. P.
_9121827
245 1 _aZinc deficiency on the shallow soils of niue. II. Effects of zinc sulphate on the yield and nutrient composition of crotalaria and sweet corn
500 _aSobretiro de: New Zealand Journal of Agricultural Research . 9(3):748-770, 1966
590 _aBATCH-UPD
_b10
_c20130109
_lUCH01
_h2335
590 _aBATCH-UPD
_b10
_c20130110
_lUCH01
_h0723
590 _aCONVERSION
_b10
_c20130109
_lUCH01
_h1329
650 1 4 _aZinc
_xEfecto en plantas.
_9124065
901 _aBK
942 _cREIMP
949 _aR-451
_bBC
_cR
_d-127747
_eTS1
_i58983
_si
999 _c53859
_d53859